000 00483nam a2200121Ia 4500
008 171212s9999 xx 000 0 und d
020 _a9780833078421
100 _aSorensen, Paul;Ecola, Liisa;Wachs, Martin
245 _cSorensen, Paul;Ecola, Liisa;Wachs, Martin
_aMileage-Based User Fees for Transportation Funding
_bA Primer for State and Local Decisionmakers
260 _bRAND Corporation
_c2012
650 _aTechnology
856 _uhttp://www.jstor.org/stable/10.7249/j.ctt5hhtj1
999 _c352325
_d352325